00959nam a2200193 4500001000700000003000900007005001700016007000300033008004100036100003900077245034200116260005800458300002200516650003700538650002900575852002100604999001900625952012100644121901ES-MaACL20250916063050.0t|070214s1904 sp r ||||1| spa d1 aPosada, Adolfo, d1860-194499331610aSocialismo y reforma social b: Las fórmulas del marxismo, Materialismo histórico, El Capital de Marx, El factor económico, Socialistas y juristas, Socialismo y cuestion agraria, El deber social, El contrato de trabajo, La jornada de ocho horas, Legislación social, Las huelgas, Conciliación y arbitraje / cpor Adolfo Posada. aMadrid : b[s.n.], c1904 (fEst. tip. de Ricardo Fe) a251 p. ; c19 cm. 7aProblemas sociales2embne91641507aSocialismo2embne917147 aES-MaACLjD-4712 c121901d121901 00104070aATENEOMbATENEOMcSVId2008-01-17eSCl0oD-4712p901127036r2023-02-23 00:00:00w2023-02-23yMONOGRAFIA